000 00644nam a22002177a 4500
999 _c3288
_d3288
003 OSt
005 20231110133152.0
008 231110b ||||| |||| 00| 0 eng d
020 _a9789670337098
040 _cKH8
082 _a400 FAR
100 _aFarah Nurain Rahmad,
_eauthor.
245 _aKerja Rumah Beres /
_cFarah Nurain Rahmad.
260 _aSelangor ;
_bPenerbitan D E,
_c2012.
300 _a24 pages :
_bcolor illustrations ;
_c19 cm x 26 cm.
440 _aBertanggungjawab Amalan Mulia
650 _aDidactic fiction
_vMalay
650 _aChildren's stories
_vMalay
830 _aBertanggungjawab Amalan Mulia
942 _2ddc
_cTR